000 00587nam a2200241Ia 4500
003 OSt
005 20221007100626.0
006 a|||||r|||| 00| 0
007 ta
008 221006b |||||||| |||| 00| 0 eng d
024 _a4,776
037 _cTextual
040 _aLCO
_cLCO
_beng
041 _2eng
_aeng
082 _aZ, M2
100 _aDENNING L
245 0 _aWhat next in the law
260 _aLondon
_bButterworths
_c1982
300 _a352
650 _aWHAT NEXT IN THE LAW
_9701911
942 _hZ, M2
_cTEXL
999 _c1174339
_d1174339